Fr. Conceicao Rodrigues College of Engineering

Thermodynamics & heat engines (Record no. 24664)

MARC details
000 -LEADER
fixed length control field 00325nam a2200145Ia 4500
082 ## - DEWEY DECIMAL CLASSIFICATION NUMBER
Classification number 621.402
Item number YAD
100 ## - MAIN ENTRY--PERSONAL NAME
Personal name Yadav/R
245 ## - TITLE STATEMENT
Title Thermodynamics & heat engines
260 ## - PUBLICATION, DISTRIBUTION, ETC.
Name of publisher, distributor, etc. Central Publishing House
Place of publication, distribution, etc. Allahabad
Date of publication, distribution, etc. 1986
300 ## - PHYSICAL DESCRIPTION
Extent 828
490 ## - SERIES STATEMENT
Volume/sequential designation 1
546 ## - LANGUAGE NOTE
Language note ENGLISH
654 ## - SUBJECT ADDED ENTRY--FACETED TOPICAL TERMS
Focus term Thermodynamics
942 ## - ADDED ENTRY ELEMENTS (KOHA)
Koha item type BOOK
Holdings
Withdrawn status Lost status Damaged status Not for loan Collection Home library Current library Shelving location Date acquired Cost, normal purchase price Total Checkouts Full call number Barcode Date last seen Cost, replacement price Price effective from Koha item type Date last checked out
        CRC Fr. Agnel's C.Rodrigues College of Engineering Fr. Agnel's C.Rodrigues College of Engineering   17/03/2023 65.00   621.402 YAD 1217 17/03/2023 65.00 17/03/2023 BOOK  
        CRC Fr. Agnel's C.Rodrigues College of Engineering Fr. Agnel's C.Rodrigues College of Engineering   17/03/2023 65.00   621.402 YAD 1218 17/03/2023 65.00 17/03/2023 BOOK  
        CRC Fr. Agnel's C.Rodrigues College of Engineering Fr. Agnel's C.Rodrigues College of Engineering   17/03/2023 65.00   621.402 YAD 1219 17/03/2023 65.00 17/03/2023 BOOK  
        CRC Fr. Agnel's C.Rodrigues College of Engineering Fr. Agnel's C.Rodrigues College of Engineering   17/03/2023 65.00   621.402 YAD 1221 17/03/2023 65.00 17/03/2023 BOOK  
        CRC Fr. Agnel's C.Rodrigues College of Engineering Fr. Agnel's C.Rodrigues College of Engineering   17/03/2023 65.00   621.402 YAD 1222 17/03/2023 65.00 17/03/2023 BOOK  
        CRC Fr. Agnel's C.Rodrigues College of Engineering Fr. Agnel's C.Rodrigues- College of Engineering   17/03/2023 65.00 1 621.402 YAD 1220 03/05/2023 65.00 17/03/2023 BOOK 03/05/2023